<?xml version="1.0" encoding="UTF-8"?><?xml-stylesheet type="text/xsl" href="static/style.xsl"?><OAI-PMH xmlns="http://www.openarchives.org/OAI/2.0/" xmlns:xsi="http://www.w3.org/2001/XMLSchema-instance" xsi:schemaLocation="http://www.openarchives.org/OAI/2.0/ http://www.openarchives.org/OAI/2.0/OAI-PMH.xsd"><responseDate>2026-04-13T05:41:48Z</responseDate><request verb="GetRecord" identifier="oai:www.recercat.cat:2072/464025" metadataPrefix="marc">https://recercat.cat/oai/request</request><GetRecord><record><header><identifier>oai:recercat.cat:2072/464025</identifier><datestamp>2025-07-29T21:06:28Z</datestamp><setSpec>com_2072_98</setSpec><setSpec>col_2072_378192</setSpec></header><metadata><record xmlns="http://www.loc.gov/MARC21/slim" xmlns:dcterms="http://purl.org/dc/terms/" xmlns:xsi="http://www.w3.org/2001/XMLSchema-instance" xmlns:doc="http://www.lyncode.com/xoai" xsi:schemaLocation="http://www.loc.gov/MARC21/slim http://www.loc.gov/standards/marcxml/schema/MARC21slim.xsd">
   <leader>00925njm 22002777a 4500</leader>
   <datafield ind2=" " ind1=" " tag="042">
      <subfield code="a">dc</subfield>
   </datafield>
   <datafield ind2=" " ind1=" " tag="720">
      <subfield code="a">Bentea, Anamaria</subfield>
      <subfield code="e">author</subfield>
   </datafield>
   <datafield ind2=" " ind1=" " tag="720">
      <subfield code="a">Durrleman, Stephanie</subfield>
      <subfield code="e">author</subfield>
   </datafield>
   <datafield ind2=" " ind1=" " tag="260">
      <subfield code="c">2022</subfield>
   </datafield>
   <datafield ind2=" " ind1=" " tag="520">
      <subfield code="a">Children's comprehension difficulties with object relative clauses (ORs) seem reduced when the embedded subject is a pronoun, rather than a lexical noun. The intervention locality account explains this facilitation in terms of a mismatch in features between the head of the OR and the intervening pronominal subject, namely the N feature according to some (Friedmann et al. 2009), or finer-grained phi features according to others (Bentea &amp; Durrleman, 2021). We evaluate the predictions of these accounts in an experimental study assessing OR comprehension in French. Fifty-two children between the ages of four and five were tested on a character-selection task investigating whether intervention effects in ORs with a lexically-restricted object are alleviated, or not, with pronominal interveners matching with the object in other features than lexical restriction. We also explored the potential impact of an intervening pronominal mismatching with the object on a feature yet unexplored in French, namely person. Results reveal low performance on ORs with pronominal interveners matching on features (number, gender, person). However, ORs with pronominal interveners mismatching only in person were comprehended significantly better. This suggests that differences in finer-grained features than N explain children's difficulties with ORs and that person is such a feature.</subfield>
   </datafield>
   <datafield tag="653" ind2=" " ind1=" ">
      <subfield code="a">Relative clauses</subfield>
   </datafield>
   <datafield tag="653" ind2=" " ind1=" ">
      <subfield code="a">Intervention</subfield>
   </datafield>
   <datafield tag="653" ind2=" " ind1=" ">
      <subfield code="a">Pronouns</subfield>
   </datafield>
   <datafield tag="653" ind2=" " ind1=" ">
      <subfield code="a">Acquisition</subfield>
   </datafield>
   <datafield tag="653" ind2=" " ind1=" ">
      <subfield code="a">Person feature</subfield>
   </datafield>
   <datafield tag="653" ind2=" " ind1=" ">
      <subfield code="a">French</subfield>
   </datafield>
   <datafield ind2="0" ind1="0" tag="245">
      <subfield code="a">Person Matters : relative clauses in the acquisition of French</subfield>
   </datafield>
</record></metadata></record></GetRecord></OAI-PMH>